Statistics for Former Leaders

Click here to take the quiz!

General Stats

  • This quiz has been taken 17 times
  • The average score is 5 of 20

Answer Stats

Answer% Correct
Sukarno
71%
Ferdinand Marcos
64%
Pierre Trudeau
64%
David Ben-Gurion
50%
Lee Kuan Yew
50%
Salvador Allende
50%
Anthony Eden
36%
Faisal II
36%
Hassan II
21%
Malcolm Fraser
21%
Getúlio Vargas
14%
Muhammed Ali Jinnah
14%
Bhumibol Adulyadej
7%
Kenneth Kaunda
7%
Mohommad Mosaddegh
7%
Sheikh Mujibur Rahman
7%
Urho Kekkonen
7%
Einar Gerhardsen
0%
Lázaro Cárdenas
0%
Yakubu Gowon
0%

Score Distribution

Percentile by Number Answered

Percent of People with Each Score

Your Score History

You have not taken this quiz